000 00434nam a2200181Ia 4500
005 20240823062651.0
008 240823s9999||||xx |||||||||||||| ||und||
041 _aENGLISH
082 _A621.3815 M9
100 _aMalvino
245 0 _aSemiconductor Circuit Approximation
250 _a1st
260 _c1989
_b"TMH,New Delhi"
500 _aTransfered
650 _aSemicomductor
_bElectronics
942 _cBK
999 _c236426
_d236426